| 000 | 00707cam a22002533a 4500 | ||
|---|---|---|---|
| 001 | 29817 | ||
| 003 | PGUSA | ||
| 005 | 20140828083638.0 | ||
| 008 | 090827s2009||||xxu|||||s|||||000 1 eng d | ||
| 040 |
_aPGUSA _beng |
||
| 042 | _adc | ||
| 050 | 4 | _aPS | |
| 100 | 1 |
_aSullivan, Francis William, _d1887- |
|
| 245 | 1 | 4 |
_aThe Harbor of Doubt _h[electronic resource] / _cFrancis William Sullivan |
| 260 |
_bProject Gutenberg, _c2009 |
||
| 506 | _aPublic domain in the USA. | ||
| 516 | _aElectronic text | ||
| 653 | _aCanada -- Fiction | ||
| 653 | _aFishers -- Fiction | ||
| 700 | 1 | _aGage, George W. | |
| 830 | 0 |
_aProject Gutenberg _v29817 |
|
| 856 | 4 | 0 | _uhttp://www.gutenberg.org/ebooks/29817 |
| 942 | _cEB | ||
| 999 |
_c259072 _d259072 |
||